PRIME SHOW MMA - wszyscy zawodnicy - Statystyki

Ogólne statystyki
  • Ten quiz został rozwiązany 242 razy
    80 od ostatniego zresetowania
  • Średni wynik to 54 z 114
Statystyki odpowiedzi
Hint Odpowiedź % Poprawnych
PRIME - 1, 4, 5, 6, 8 Kasjusz „Don Kasjo” Życiński
94%
PRIME - 2, 3, 4, 5, 6, 7, 8 Michał „Bagietka, Bagieta 2.0” Gorzelańczyk
94%
PRIME - 1, 3, 4 Łukasz „Kamerzysta” Wawrzyniak
88%
PRIME - 3, 4, 5, 6, 7, 8 Tomasz Olejnik
87%
PRIME - 1, 2, 5, 7, 8 Jan „Jaś” Kapela
83%
PRIME - 1 Mateusz „Muran” Murański
83%
PRIME - 5, 6, 7 Jacek „Muran” Murański
81%
PRIME - 1, 2, 6 Paweł „Tybori” Tyburski
81%
PRIME - 1 Marek „Kruszwil” Kruszel
79%
PRIME - 3, 4, 8 Patryk „Robalini” Śliwa
79%
PRIME - 5, 7, 8 Paweł „Prezes FEN” Jóźwiak
79%
PRIME - 4 Damian „Stifler” Zduńczyk
77%
PRIME - 1, 2, 6, 7 Dawid „Ambro" Ambroziak
77%
PRIME - 5, 6, 7, 8 Ronaldo „Czarny Polak” Miranda
77%
PRIME - 1, 3, 4 Adrian Cios
75%
PRIME - 1, 3, 7, 8 Jakub Lasik
75%
PRIME - 4 ,6 Adam Soroko
73%
PRIME - 7, 8 Łukasz „Magical Jr.” Malankowski
73%
PRIME - 4 Paweł „Popek Monster” Mikołajuw
73%
PRIME - 8 Arkadiusz Tańcula
71%
PRIME - 2, 4 Konrad „Skolim” Skolimowski
67%
PRIME - 8 Maciej „Kaczor BRS” Kaczmar
67%
PRIME - 2, 3, 6 Maciej Rataj
65%
PRIME - 1, 8 Rafał Pazik
65%
PRIME - 2 Serigne „Bombardier” Ousmane Dia
65%
PRIME - 1, 5, 7 Adrian „Puszbarber” Salwa
63%
PRIME - 4, 5 Ewa „Tygrysica” Piątkowska
63%
PRIME - 2, 5, 6 Grzegorz „Szuli” Szulakowski
63%
PRIME - 2 Norman „Stormin” Parke
63%
PRIME - 1, 2, 3, 5 Sebastian „Ztrolowany” Nowak
63%
PRIME - 1, 3, 8 Wiola „Wiolka” Kotelecka
63%
PRIME - 1 Ziemowit Piast Kossakowski
63%
PRIME - 1 Alan „Alanik” Kwieciński
62%
PRIME - 7 Natan „Bóg Estetyki” Marcoń
60%
PRIME - 7, 8 Marek „Kirimasu” Jówko
58%
PRIME - 3, 7 Michał Cichy
58%
PRIME - 5, 6 Damian „The Karpi" Kasprzak
56%
PRIME - 8 Dariusz „Daro Lew” Kaźmierczuk
56%
PRIME - 5 Dominik „Japoński Drwal” Zadora
56%
PRIME - 7, 8 Hubert „Dredziasty" Węzka
56%
PRIME = 8 Maciej „Wujek Samo Zło" Gnatowski
56%
PRIME - 3, 5, 6 Mateusz „Tarzan” Leśniak
56%
PRIME - 6, 8 Damian „Dzik” Graf
54%
PRIME - 1, 5 Łukasz Lupa
54%
PRIME - 7, 8 Tomasz „Chic” Galewski
54%
PRIME - 1 Adrian „Medusa” Salamon
52%
PRIME - 2, 3 Dominika Rybak
50%
PRIME - 4 Kamila „Zusje” Smogulecka
50%
PRIME - 2, 3 Mikołaj „Vandal” Rdzanek
50%
PRIME - 4 Monika „Esmeralda” Godlewska
50%
PRIME - 1, 2 Jakub „HeCmAn” Rygiel
48%
PRIME - 2 Marcin „Polish Zombie" Wrzosek
48%
PRIME - 3 Paulina Hornik
48%
PRIME - 2, 4 Piotr „Peter” Kałuski
48%
PRIME - 8 Przemysław „Kolar” Kolarczyk
48%
PRIME - 1 Julia „Queen of the Black” Pelc
46%
PRIME - 1 Aleksandra Okrzesik
44%
PRIME - 7 Andrzej „Żurom” Żuromski
44%
PRIME - 4 Anna „Anna IFBB PRO” Andrzejewska
44%
PRIME - 8 Jakub „Japczan" Piotrowicz
44%
PRIME - 2 Marcin „Mielonidas” Makowski
44%
PRIME - 5, 7 Paweł „Trybson” Trybała
44%
PRIME - 7 Dawid „Harnaś” Haras
42%
PRIME - 8 Jakub „Paramaxil” Frączek
42%
PRIME - 2 Jan „Pacio” Patecki
42%
PRIME - 3 Magdalena „Maluba” Lubacz
42%
PRIME - 3 Martyna „Pysia” Zbirańska
42%
PRIME - 1 Michał „Sobota” Sobolewski
42%
PRIME - 6 Dominik Skowyra
40%
PRIME - 5 Ernest „Red” Ivanda
40%
PRIME - 6, 7 Grzegorz „Hellboy" Głuszcz
40%
PRIME - 5 Łukasz Karpiński
40%
PRIME - 4 Adam „Młody Łowca Skór” Okniński
38%
PRIME - 7 Erko „The Bounty Hunter” Jun
38%
PRIME - 5, 6 Kacper „Polish Machine” Miklasz
38%
PRIME - 6, 7 Maciej „Stary Wiewiór” Wiewiórka
38%
PRIME - 5, 7 Patryk „Wielki Bu” Masiak
38%
PRIME - 4 Rafał „Sportowy Świr” Gawron
38%
PRIME - 6, 8 Aleksandra „Ms. Danielka” Daniel
37%
PRIME - 4 Aleksandr „Sasha” Muzheiko
37%
PRIME - 3 Dagmara Szewczyk
37%
PRIME - 1 Dawid Narożny
37%
PRIME - 2 Klaudia „Klaudusiek” Kapuśniak
37%
PRIME - 1 Sergiusz Zając
37%
PRIME - 4 Artur „Kornik" Sowiński
35%
PRIME - 3 Daniel „Rutek” Rutkowski
35%
PRIME - 3 Maciej „Big Jack” Jarema
35%
PRIME - 3 Piotr Pająk
35%
PRIME - 8 Sandra Smoroń
33%
PRIME - 6 Alexander „The Bestia” Gross
31%
PRIME - 5 Daniel „Hunter” Więcławski
31%
PRIME - 4 Emilian „Księciunio” Bayer
31%
PRIME - 6 Erwin Burzyński
31%
PRIME - 8 Paulina Porzucek
31%
PRIME - 2, 3 Kacper „Kajmano” Kabara
29%
PRIME - 6 Rafał „Jeb” Jackiewicz
27%
PRIME - 3 Iliya „McKsiąże” Dzhybladze
25%
PRIME - 2 Mateusz „Milu” Mil
25%
PRIME - 7 Patrycja „Natalie Wayne" Przytuła
23%
PRIME - 6 Artur „Głuchy” Głuchowski
21%
PRIME - 7 Bernadeta „Bouncing Betty" Urbańska
21%
PRIME - 6 Mateusz „Mister Mati” Górski
21%
PRIME - 8 Monika „Najlepsza Polska Dziennikarka" Laskowska
21%
PRIME - 8 Hubert Dajczman
19%
PRIME - 2 Szymon „Goryl” Pilanc
17%
PRIME - 3 Jakub „Kubaoxo” Armada
15%
PRIME - 2 Mikołaj Jędruszczak
15%
PRIME - 1 Paweł Całkowski
15%
PRIME = 8 Katarzyna Kubiak
12%
PRIME - 3 Jan „Little Johnny” Kempisty
10%
PRIME - 1 Oliwia Sadkowska
10%
PRIME - 6 Patrycja Izydorczyk
8%
PRIME - 7 Rafał „Rafikmen" Cheliński
4%
PRIME - 7 Marcin Wichowski
2%
Nie znaleziono quizów pasujących do podanych kryteriów
Rozkład punktacji
Procent ludzi z każdym wynikiem
Percentyl według liczby udzielonych odpowiedzi
Twoja historia wyników
Nie rozwiązałeś tego quizu od ostatniego zresetowania